Statistics for Name Every 2023-24 Maple Leaf

Click here to take the quiz!

General Stats

  • This quiz has been taken 14 times
  • The average score is 21 of 48

Answer Stats

Jersey #Player% Correct
#34Auston Matthews
100%
#16Mitch Marner
100%
#91John Tavares
92%
#88William Nylander
92%
#11Max Domi
83%
#35Ilya Samsonov
75%
#3John Klingberg
75%
#55Mark Giordano
75%
#44Morgan Rielly
75%
#75Ryan Reaves
75%
#59Tyler Bertuzzi
75%
#19Calle Jarnkrok
67%
#22Jake McCabe
67%
#60Joseph Woll
67%
#23Matthew Knies
67%
#37Timothy Liljegren
67%
#25Conor Timmins
50%
#64David Kampf
50%
#36Matt Murray
50%
#89Nick Robertson
50%
#18Noah Gregor
50%
#29Pontus Holmberg
50%
#78TJ Brodie
50%
#53Easton Cowan
42%
#2Simon Benoit
42%
#85William Lagesson
42%
#74Bobby McMann
33%
#39Fraser Minten
33%
#31Martin Jones
33%
#48Maxime Lajoie
33%
#84Mikko Kokkonen
25%
#33Roni Hirvonen
25%
#47Topi Niemela
25%
#46Alex Steeves
17%
#70Artur Akhtyamov
17%
#41Dennis Hildeby
17%
#83Marshall Rifai
17%
#26Nick Abruzzese
17%
#49Ty Voit
17%
#76William Villeneuve
17%
#63Braeden Kressler
8%
#97Dmitry Ovchinnikov
8%
#80Keith Petruzzelli
8%
#43Kyle Clifford
8%
#90Max Ellis
8%
#77Ryan Tverberg
8%
#50Vyacheslav Peksa
8%
#57Dylan Gambrell
0%

Score Distribution

Percentile by Number Answered

Percent of People with Each Score

Your Score History

You have not taken this quiz